|
|
|
|
| LEADER |
00697nam a22002292a 4500 |
| 001 |
000453364 |
| 003 |
CZ BrMZK |
| 005 |
20020802103258.0 |
| 007 |
ta |
| 008 |
010907s1970 xr f cze d |
| 015 |
|
|
|a cnb000496488
|
| 035 |
|
|
|a (OCoLC)85356297
|
| 040 |
|
|
|a BOA001
|b cze
|
| 100 |
1 |
|
|a Trojan, Václav
|7 jk01140196
|
| 245 |
1 |
0 |
|a Obecná zootechnika /
|c Václav Trojan
|
| 250 |
|
|
|a 1. yd.
|
| 260 |
|
|
|a Praha,
|c 1970
|
| 300 |
|
|
|a 97 s.
|
| 910 |
|
|
|a BOA001
|b 4-0652.359
|
| 990 |
|
|
|a BK
|
| 996 |
6 |
|
|b 2619215056
|c 4-0652.359
|l MZK
|r Sklad / do 1 hodiny
|n 2
|w 000453364
|u 000020
|a 1
|e BOA001
|j MZK50
|s P
|
| 996 |
7 |
|
|b 2619777056
|c 4-0652.359
|l MZK
|r Sklad / do 1 hodiny
|n 6
|w 000453364
|u 000010
|a 1
|e BOA001
|j MZK50
|s A
|